Name The Nebula! - Statistics

General Stats
  • This quiz has been taken 26 times
  • The average score is 10 of 20
Answer Stats
Answer % Correct
Horsehead Nebula
96%
Cat's Eye Nebula
83%
Heart Nebula
78%
Eagle Nebula
70%
Skull Nebula
70%
Lagoon Nebula
65%
Orion Nebula
65%
Flame Nebula
61%
Merope Nebula
57%
North America Nebula
52%
Pac-Man Nebula
52%
Saturn Nebula
52%
Ring Nebula
48%
Rosette Nebula
43%
Tarantula Nebula
43%
Carina Nebula
35%
Jellyfish Nebula
22%
Coalsack Nebula
17%
Lemon Slice Nebula
13%
Spirograph Nebula
13%
No matching quizzes found
Score Distribution
Percent of People with Each Score
Percentile by Number Answered
Your Score History
You have not taken this quiz